[Event "SLO-chT Central 21st"]
[Site "Slovenia"]
[Date "2020.10.15"]
[Round "5.4"]
[White "Cizman, Gregor"]
[Black "Filipic, Dusan"]
[Result "1-0"]
[WhiteElo "1551"]
[BlackElo "1397"]
[PlyCount "81"]
[EventDate "2020.09.17"]
[EventType "team-swiss"]
[EventRounds "5"]
[EventCountry "SLO"]
[SourceTitle "EXT 2024"]
[Source "ChessBase"]
[SourceDate "2023.10.10"]
[SourceVersion "1"]
[SourceVersionDate "2023.10.10"]
[SourceQuality "1"]
[WhiteTeam "Ljubljana Karel Jeraj"]
[BlackTeam "Trzin Pekos Pub"]
[WhiteTeamCountry "SLO"]
[BlackTeamCountry "SLO"]

1. d4 b6 2. Bf4 e6 3. c3 h6 4. Nf3 d6 5. Nbd2 Qe7 6. e3 f6 7. h3 h5 8. Be2 Bd7 9. Qc2 Qf7 10. e4 e5 11. dxe5 dxe5 12. Be3 Bd6 13. Nc4 Ne7 14. Nxd6+ cxd6 15. a3 0-0 16. 0-0 Qg6 17. Nh4 Qf7 18. Qd1 g6 19. Qxd6 Rd8 20. Qb4 Nbc6 21. Qc4 Be6 22. Qb5 g5 23. Nf3 Kh8 24. Nh2 Rg8 25. g4 Rg7 26. Kg2 Rc8 27. Rh1 Qg6 28. f3 Rf7 29. Bc4 Bxc4 30. Qxc4 Qh6 31. Qf1 Na5 32. Rd1 Ng6 33. Kf2 Rcc7 34. Qb5 hxg4 35. Nxg4 Qh4+ 36. Ke2 Rf8 37. Rd7 Rc5 38. Qd3 Rcc8 39. Rxa7 Kg8 40. Qd7 Qh8 41. Qe6+ 1-0

[Event "IBCA Wch blind 14th"]
[Site "Cagliari"]
[Date "2019.04.08"]
[Round "3"]
[White "Morariu, Ionel"]
[Black "Cizman, Gregor"]
[Result "1-0"]
[WhiteElo "1862"]
[BlackElo "1564"]
[PlyCount "99"]
[EventDate "2019.04.06"]
[EventType "swiss"]
[EventRounds "9"]
[EventCountry "ITA"]
[SourceTitle "CBM 189 Extra"]
[Source "ChessBase"]
[SourceDate "2019.06.03"]
[SourceVersion "1"]
[SourceVersionDate "2019.06.03"]
[SourceQuality "1"]

1. c4 c6 2. Nc3 d5 3. d4 Nf6 4. Nf3 e6 5. e3 a6 6. Bd3 dxc4 7. Bxc4 b5 8. Bd3 Bb7 9. 0-0 Nbd7 10. Re1 Be7 11. a3 0-0 12. b4 a5 13. Rb1 axb4 14. axb4 Qc7 15. Qc2 Qb6 16. e4 h6 17. h3 Rfc8 18. Be3 Qd8 19. Qb2 Nb6 20. Red1 Na4 21. Ne2 Nb6 22. Ne5 Nbd7 23. Nf4 Nf8 24. Ra1 Rxa1 25. Rxa1 Ra8 26. Rc1 Rc8 27. f3 N6d7 28. Ng4 Nb8 29. Bb1 Na6 30. Nd3 Qd6 31. Nc5 Nxc5 32. bxc5 Qd8 33. f4 Ra8 34. f5 h5 35. Ne5 Bf6 36. Nf3 Qa5 37. fxe6 fxe6 38. Rd1 h4 39. Bg5 Qd8 40. Bxf6 Qxf6 41. Qd2 Ra3 42. e5 Qd8 43. Qf4 b4 44. Ng5 Bc8 45. Qf7+ Kh8 46. Qh5+ Kg8 47. Bh7+ Nxh7 48. Qxh7+ Kf8 49. Qh8+ Ke7 50. Qxg7+ 1-0

[Event "SLO-chT1 Central 19th"]
[Site "Slovenia"]
[Date "2018.10.18"]
[Round "6.3"]
[White "Cizman, Gregor"]
[Black "Mihelic, Vesna"]
[Result "0-1"]
[WhiteElo "1585"]
[BlackElo "1741"]
[PlyCount "120"]
[EventDate "2018.09.13"]
[EventType "team-tourn"]
[EventRounds "9"]
[EventCountry "SLO"]
[SourceTitle "EXT 2021"]
[Source "ChessBase"]
[SourceDate "2020.10.23"]
[SourceVersion "1"]
[SourceVersionDate "2020.10.23"]
[SourceQuality "1"]
[WhiteTeam "Ljubljana Karel Jeraj"]
[BlackTeam "Trzin Menges II"]
[WhiteTeamCountry "SLO"]
[BlackTeamCountry "SLO"]

1. d4 d5 2. Nf3 c5 3. e3 e6 4. c3 Nf6 5. Bd3 Be7 6. Nbd2 Nc6 7. 0-0 0-0 8. Re1 b6 9. Qe2 Bb7 10. Ba6 Bxa6 11. Qxa6 Qc7 12. Qd3 c4 13. Qc2 b5 14. a3 a5 15. e4 Rfe8 16. h3 Rad8 17. e5 Nd7 18. Nf1 b4 19. axb4 axb4 20. Bg5 Rb8 21. Bxe7 Nxe7 22. Reb1 Ng6 23. g3 Rb7 24. N3d2 Reb8 25. Kg2 Ne7 26. Ne3 Nc6 27. Qd1 Na5 28. Qc2 bxc3 29. bxc3 Nb3 30. Ra2 Nxd2 31. Rxb7 Qxb7 32. Qxd2 Nxe5 33. dxe5 d4+ 34. f3 dxe3 35. Qxe3 h6 36. Qd2 Qb1 37. h4 Kh7 38. g4 Rb5 39. Qe2 Rxe5 40. Qxe5 Qxa2+ 41. Kg3 Qb1 42. h5 Qd3 43. Kf2 Kg8 44. Qb8+ Kh7 45. Qe5 Qc2+ 46. Ke3 Qd3+ 47. Kf2 Qd2+ 48. Kg3 Qc2 49. Qd4 Qe2 50. Kf4 Qh2+ 51. Ke3 Qg1+ 52. Ke4 f5+ 53. Ke5 Qe1+ 54. Kf4 Qe2 55. gxf5 Qh2+ 56. Kg4 exf5+ 57. Kxf5 Qxh5+ 58. Ke6 Qg6+ 59. Kd5 Qf7+ 60. Kc5 h5 0-1

[Event "Portoroz op 11th"]
[Site "Portoroz"]
[Date "2017.07.22"]
[Round "1"]
[White "Cizman, Gregor"]
[Black "Hrescak, Ivana"]
[Result "0-1"]
[WhiteElo "1626"]
[BlackElo "2173"]
[PlyCount "80"]
[EventDate "2017.07.22"]
[EventType "swiss"]
[EventRounds "9"]
[EventCountry "SLO"]
[SourceTitle "EXT 2018"]
[Source "ChessBase"]
[SourceDate "2017.10.13"]
[SourceVersion "1"]
[SourceVersionDate "2017.10.13"]
[SourceQuality "1"]

1. d4 Nf6 2. Nf3 g6 3. Nbd2 Bg7 4. e4 d6 5. c3 0-0 6. Bd3 Nbd7 7. 0-0 e5 8. dxe5 dxe5 9. Qe2 Qe7 10. Nb3 c6 11. Be3 Rd8 12. Rad1 Nf8 13. Bc5 Qc7 14. Bc2 Bg4 15. h3 Bxf3 16. Qxf3 Ne6 17. Be3 b6 18. Rxd8+ Rxd8 19. Rd1 Rd6 20. Rxd6 Qxd6 21. g3 Nc7 22. Kg2 Nce8 23. Nd2 Qe7 24. Bg5 h6 25. Bxf6 Nxf6 26. Qd3 Bf8 27. Qc4 Qd7 28. Qd3 Qc7 29. Nc4 Nd7 30. Qf3 Kg7 31. Ne3 Nc5 32. b4 Ne6 33. Ng4 Be7 34. Qd3 h5 35. Ne3 Qc8 36. h4 Bxh4 37. Nc4 Bf6 38. Qd6 Ng5 39. Kf1 Qh3+ 40. Ke2 Qg4+ 0-1

[Event "Ljubljana-chT 70th 1st League"]
[Site "Ljubljana"]
[Date "2017.02.23"]
[Round "6.4"]
[White "Perme, Martin"]
[Black "Cizman, Gregor"]
[Result "0-1"]
[WhiteElo "1178"]
[BlackElo "1605"]
[PlyCount "158"]
[EventDate "2017.01.12"]
[EventType "team-swiss"]
[EventRounds "9"]
[EventCountry "SLO"]
[SourceTitle "EXT 2022"]
[Source "ChessBase"]
[SourceDate "2021.10.06"]
[SourceVersion "1"]
[SourceVersionDate "2021.10.06"]
[SourceQuality "1"]
[WhiteTeam "Komenda Pogi"]
[BlackTeam "Ljubljana Karel Jeraj"]
[WhiteTeamCountry "SLO"]
[BlackTeamCountry "SLO"]

1. e4 c6 2. d4 d5 3. exd5 Qxd5 4. Nf3 Nf6 5. h3 Bf5 6. Bd3 Bxd3 7. Qxd3 e6 8. 0-0 Be7 9. Bf4 Qe4 10. Qd2 Qd5 11. Qd3 0-0 12. Re1 Nbd7 13. Nbd2 Qa5 14. c3 h6 15. Ne4 Nxe4 16. Qxe4 Nf6 17. Qd3 Rfd8 18. Re5 Rd5 19. Rxd5 Nxd5 20. Bg3 Rd8 21. Qc4 Nf6 22. Kh1 Ne4 23. Bf4 Nxf2+ 24. Kg1 Ne4 25. Qd3 Nf6 26. Qc4 Qd5 27. Qa4 a6 28. Bc7 Rc8 29. Bf4 Qb5 30. Qc2 Qd5 31. Qa4 Rd8 32. Bc7 Rc8 33. Bf4 Qe4 34. Bg3 Qe3+ 35. Bf2 Qe4 36. Qb3 b5 37. Re1 Qd5 38. Qc2 Qxa2 39. Nh4 Bd6 40. Re3 Qd5 41. Bg3 Bxg3 42. Rxg3 Qe4 43. Qxe4 Nxe4 44. Re3 Nf6 45. Kh2 a5 46. Re1 Kf8 47. Ra1 Ra8 48. b4 a4 49. Kg3 Ke7 50. Kf4 Kd6 51. Nf3 Nd5+ 52. Ke4 Nxc3+ 53. Kf4 Nd5+ 54. Ke4 f6 55. g4 Nxb4 56. h4 g5 57. h5 a3 58. Nd2 a2 59. Rxa2 Rxa2 60. Nb3 Rc2 61. Nc5 Rxc5 62. dxc5+ Kc7 63. Kd4 Nd5 64. Ke4 Kb7 65. Kd4 Ka6 66. Ke4 Ka5 67. Kd4 Ka4 68. Ke4 Ka3 69. Kd4 Ka2 70. Kd3 b4 71. Kc4 b3 72. Kd3 b2 73. Kc4 b1Q 74. Kd4 Qb4+ 75. Kd3 Qc3+ 76. Ke2 Qe3+ 77. Kf1 Qd2 78. Kg1 Ne3 79. Kh1 Qg2# 0-1

[Event "SLO-chT2 West"]
[Site "Komenda"]
[Date "2016.11.27"]
[Round "9.5"]
[White "Cibej, Marjan"]
[Black "Cizman, Gregor"]
[Result "1-0"]
[WhiteElo "1962"]
[BlackElo "1611"]
[PlyCount "59"]
[EventDate "2016.11.11"]
[EventType "team-tourn"]
[EventRounds "9"]
[EventCountry "SLO"]
[SourceTitle "EXT 2019"]
[Source "ChessBase"]
[SourceDate "2018.10.10"]
[SourceVersion "1"]
[SourceVersionDate "2018.10.10"]
[SourceQuality "1"]
[WhiteTeam "Ilirska Bistrica Rimex"]
[BlackTeam "Ljubljana Karel Jeraj"]
[WhiteTeamCountry "SLO"]
[BlackTeamCountry "SLO"]

1. e4 c6 2. d4 d5 3. exd5 cxd5 4. Nf3 a6 5. Bd3 Nf6 6. c3 e6 7. Bg5 Be7 8. Nbd2 Nbd7 9. a4 h6 10. Bh4 0-0 11. a5 Nh5 12. Bxe7 Qxe7 13. 0-0 Nhf6 14. Qe2 Qd6 15. Ne5 Re8 16. f4 Nf8 17. g4 N6h7 18. g5 f6 19. gxh6 fxe5 20. hxg7 Kxg7 21. fxe5 Qe7 22. Rf3 Bd7 23. Raf1 Kh8 24. Qg2 Ng5 25. Rg3 Nfh7 26. Rf4 Rg8 27. Rfg4 Qf7 28. Rh4 Ne4 29. Nxe4 dxe4 30. Bxe4 1-0

[Event "SLO-chT2 West"]
[Site "Komenda"]
[Date "2016.11.26"]
[Round "6.4"]
[White "Prestrl, Jozef"]
[Black "Cizman, Gregor"]
[Result "1/2-1/2"]
[WhiteElo "1915"]
[BlackElo "1611"]
[PlyCount "75"]
[EventDate "2016.11.11"]
[EventType "team-tourn"]
[EventRounds "9"]
[EventCountry "SLO"]
[SourceTitle "EXT 2019"]
[Source "ChessBase"]
[SourceDate "2018.10.10"]
[SourceVersion "1"]
[SourceVersionDate "2018.10.10"]
[SourceQuality "1"]
[WhiteTeam "Radovljica"]
[BlackTeam "Ljubljana Karel Jeraj"]
[WhiteTeamCountry "SLO"]
[BlackTeamCountry "SLO"]

1. d4 d5 2. Nf3 Nf6 3. h3 h6 4. Bf4 e6 5. e3 a6 6. Nbd2 Bd6 7. Bxd6 Qxd6 8. Bd3 Nbd7 9. 0-0 0-0 10. c4 c6 11. Rc1 Re8 12. Bb1 b5 13. c5 Qc7 14. b4 e5 15. dxe5 Nxe5 16. Nxe5 Rxe5 17. Nf3 Re7 18. Qd4 Ne4 19. Bxe4 Rxe4 20. Qd2 Bd7 21. a3 a5 22. Nd4 a4 23. f3 Re5 24. Qf2 Rae8 25. Rfe1 Qd8 26. Re2 Qf6 27. Rce1 Kf8 28. e4 dxe4 29. Rxe4 Rxe4 30. Rxe4 Rxe4 31. fxe4 Qxf2+ 32. Kxf2 f6 33. h4 g6 34. Kf3 Kf7 35. g4 g5 36. h5 Ke7 37. Nf5+ Bxf5 38. exf5 1/2-1/2

[Event "SLO-chT2 West"]
[Site "Komenda"]
[Date "2016.11.12"]
[Round "2.5"]
[White "Pavlin, Ivan"]
[Black "Cizman, Gregor"]
[Result "1/2-1/2"]
[WhiteElo "1882"]
[BlackElo "1611"]
[PlyCount "107"]
[EventDate "2016.11.11"]
[EventType "team-tourn"]
[EventRounds "9"]
[EventCountry "SLO"]
[SourceTitle "EXT 2019"]
[Source "ChessBase"]
[SourceDate "2018.10.10"]
[SourceVersion "1"]
[SourceVersionDate "2018.10.10"]
[SourceQuality "1"]
[WhiteTeam "Jesenice"]
[BlackTeam "Ljubljana Karel Jeraj"]
[WhiteTeamCountry "SLO"]
[BlackTeamCountry "SLO"]

1. d4 d6 2. g3 Nf6 3. Bg2 d5 4. Nf3 e6 5. 0-0 Bd6 6. b3 c6 7. Bb2 Nbd7 8. c4 0-0 9. Nbd2 b5 10. c5 Bc7 11. b4 Bb7 12. Qc2 Re8 13. Rfe1 e5 14. e4 Nxe4 15. Nxe4 dxe4 16. Nxe5 Nxe5 17. dxe5 Bxe5 18. Bxe4 Bxb2 19. Qxb2 Qc7 20. Bf3 Rad8 21. Rxe8+ Rxe8 22. Rd1 Rd8 23. Rxd8+ Qxd8 24. Qe5 Kf8 25. Kg2 h6 26. h4 f6 27. Qf4 g5 28. hxg5 hxg5 29. Qe4 Qe7 30. Qd3 Ke8 31. Bh5+ Kf8 32. Bg4 Ke8 33. a3 Qf7 34. Kh2 Qe7 35. Bf5 Kf8 36. Qd4 Kf7 37. Qd3 Ke8 38. Be4 Qd7 39. Qxd7+ Kxd7 40. Bf5+ Ke7 41. Kg2 Kf7 42. Kf3 Kg7 43. Bd7 Kf7 44. Ke4 Ke7 45. Bf5 Kf7 46. f4 gxf4 47. Kxf4 Ke7 48. g4 Kf7 49. g5 fxg5+ 50. Kxg5 Ke7 51. Kf4 Kd8 52. Ke5 Kc7 53. Bd3 a6 54. Ke6 1/2-1/2

[Event "Portoroz op 10th"]
[Site "Portoroz"]
[Date "2016.07.29"]
[Round "8"]
[White "Cizman, Gregor"]
[Black "Grein, Bogomir"]
[Result "1/2-1/2"]
[WhiteElo "1612"]
[BlackElo "1762"]
[PlyCount "100"]
[EventDate "2016.07.23"]
[EventType "swiss"]
[EventRounds "9"]
[EventCountry "SLO"]
[SourceTitle "CBM 173 Extra"]
[Source "ChessBase"]
[SourceDate "2016.08.29"]
[SourceVersion "1"]
[SourceVersionDate "2016.08.29"]
[SourceQuality "1"]

1. d4 Nf6 2. Nf3 d6 3. Bf4 Bg4 4. Nbd2 Nbd7 5. h3 Bf5 6. e3 h6 7. Be2 c6 8. c3 Qc7 9. Bc4 e6 10. a3 Be7 11. Qe2 e5 12. dxe5 dxe5 13. Bh2 0-0 14. 0-0 Be6 15. Rfe1 Nc5 16. b4 Na4 17. Rec1 Nb2 18. Ra2 Nxc4 19. Nxc4 Bd6 20. Rd2 Bxc4 21. Qxc4 b5 22. Qb3 Qe7 23. Rcd1 Rad8 24. Qc2 Bc7 25. c4 Rxd2 26. Rxd2 g6 27. cxb5 cxb5 28. Qc6 Rb8 29. Rc2 Rd8 30. Rc1 Kg7 31. Qxb5 Rd5 32. Qe2 Ne8 33. Qc4 Qd7 34. g4 f6 35. Kg2 a5 36. Ne1 axb4 37. axb4 Rd6 38. b5 Bb6 39. Qc8 Qf7 40. Qc4 Qb7+ 41. f3 Qa7 42. Bg1 Rd7 43. Qf1 Qa3 44. Rc2 Ba5 45. Kg3 Rd1 46. Bf2 Qb4 47. Qe2 Qb1 48. Nd3 Qxb5 49. Nc5 Qxe2 50. Rxe2 Kf7 1/2-1/2

[Event "Portoroz op 10th"]
[Site "Portoroz"]
[Date "2016.07.24"]
[Round "2"]
[White "Cizman, Gregor"]
[Black "Zupancic, Urban"]
[Result "0-1"]
[WhiteElo "1612"]
[BlackElo "1901"]
[PlyCount "46"]
[EventDate "2016.07.23"]
[EventType "swiss"]
[EventRounds "9"]
[EventCountry "SLO"]
[SourceTitle "CBM 173 Extra"]
[Source "ChessBase"]
[SourceDate "2016.08.29"]
[SourceVersion "1"]
[SourceVersionDate "2016.08.29"]
[SourceQuality "1"]

1. d4 Nf6 2. Nf3 g6 3. e3 Bg7 4. Bd3 0-0 5. 0-0 d6 6. b3 Nbd7 7. Bb2 Re8 8. e4 e5 9. dxe5 dxe5 10. Ba3 Nh5 11. Nc3 Nf4 12. Ne2 Nxd3 13. Qxd3 Nf8 14. Rad1 Qxd3 15. Rxd3 Ne6 16. Rfd1 b6 17. c4 Bb7 18. Nc3 f5 19. Re3 Nd4 20. Bb2 Rad8 21. Ree1 fxe4 22. Nd2 Nc2 23. Rf1 e3 0-1

[Event "Portoroz op 10th"]
[Site "Portoroz"]
[Date "2016.07.24"]
[Round "3"]
[White "Zaloznik S, Gal"]
[Black "Cizman, Gregor"]
[Result "1/2-1/2"]
[WhiteElo "1034"]
[BlackElo "1612"]
[PlyCount "62"]
[EventDate "2016.07.23"]
[EventType "swiss"]
[EventRounds "9"]
[EventCountry "SLO"]
[SourceTitle "CBM 173 Extra"]
[Source "ChessBase"]
[SourceDate "2016.08.29"]
[SourceVersion "1"]
[SourceVersionDate "2016.08.29"]
[SourceQuality "1"]

1. e4 c6 2. d4 d5 3. e5 Bf5 4. Bd3 Bxd3 5. Qxd3 e6 6. Nf3 a6 7. 0-0 Nd7 8. Bf4 c5 9. c3 Ne7 10. Nbd2 Nc6 11. b3 Be7 12. Be3 cxd4 13. cxd4 Nb4 14. Qb1 Rc8 15. a3 Nc2 16. Ra2 Nxa3 17. Qb2 Nb5 18. Nb1 0-0 19. Rc1 Nb8 20. Nc3 Nxc3 21. Rxc3 Bb4 22. Rxc8 Qxc8 23. Bd2 Be7 24. Qc2 Qd7 25. Ng5 g6 26. Nf3 Rc8 27. Qd1 Qd8 28. Rc2 Rxc2 29. Qxc2 Nc6 30. g3 Qb6 31. Bh6 Qd8 1/2-1/2

[Event "Ljubljana-chT 69th 1st League"]
[Site "Ljubljana"]
[Date "2016.04.09"]
[Round "9.3"]
[White "Cizman, Gregor"]
[Black "Bajo, Igor"]
[Result "0-1"]
[WhiteElo "1643"]
[BlackElo "1816"]
[PlyCount "42"]
[EventDate "2016.01.14"]
[EventType "team-tourn"]
[EventRounds "9"]
[EventCountry "SLO"]
[SourceTitle "EXT 2022"]
[Source "ChessBase"]
[SourceDate "2021.10.06"]
[SourceVersion "1"]
[SourceVersionDate "2021.10.06"]
[SourceQuality "1"]
[WhiteTeam "Ljubljana Karel Jeraj"]
[BlackTeam "Kocevje"]
[WhiteTeamCountry "SLO"]
[BlackTeamCountry "SLO"]

1. d4 d5 2. Nf3 c6 3. c3 Nf6 4. Bf4 Bf5 5. Nbd2 h6 6. e3 e6 7. Be2 Bd6 8. Bxd6 Qxd6 9. Ne5 0-0 10. 0-0 c5 11. Re1 Nc6 12. f4 Rac8 13. Rc1 cxd4 14. cxd4 Nb4 15. Qa4 Nc2 16. Rf1 Nxe3 17. Rxc8 Rxc8 18. Rf3 Rc1+ 19. Kf2 Neg4+ 20. Nxg4 Bxg4 21. Rb3 Ne4+ 0-1

[Event "IBCA EU-ch blind 06th"]
[Site "Lyon"]
[Date "2015.07.30"]
[Round "6"]
[White "Cizman, Gregor"]
[Black "Tonteri, Ari"]
[Result "1/2-1/2"]
[WhiteElo "1618"]
[BlackElo "1938"]
[PlyCount "49"]
[EventDate "2015.07.25"]
[EventType "swiss"]
[EventRounds "9"]
[EventCountry "FRA"]
[SourceTitle "CBM 167 Extra"]
[Source "ChessBase"]
[SourceDate "2015.09.14"]
[SourceVersion "1"]
[SourceVersionDate "2015.09.14"]
[SourceQuality "1"]

1. d4 Nf6 2. Nf3 e6 3. Bf4 b6 4. e3 Bb7 5. Nbd2 Be7 6. Be2 0-0 7. h3 d6 8. 0-0 Nbd7 9. c4 c5 10. Rc1 Rc8 11. Re1 a6 12. Nb3 Re8 13. dxc5 Nxc5 14. Nxc5 Rxc5 15. b3 d5 16. cxd5 Nxd5 17. Rxc5 Bxc5 18. Be5 Bb4 19. Rf1 Nc3 20. Bxc3 Bxc3 21. Qc2 Qf6 22. Rd1 Rb8 23. Rd7 b5 24. a3 h6 25. Nd4 1/2-1/2